[Event "Moscow op-F 13th"]
[Site "Moscow"]
[Date "2017.02.04"]
[Round "9"]
[White "Aleev, Aleksandr"]
[Black "Mingazov, Almaz"]
[Result "0-1"]
[WhiteElo "1960"]
[BlackElo "2303"]
[PlyCount "112"]
[EventDate "2017.01.27"]
[EventType "swiss"]
[EventRounds "9"]
[EventCountry "RUS"]
[SourceTitle "CBM 176 Extra"]
[Source "ChessBase"]
[SourceDate "2017.03.02"]
[SourceVersion "1"]
[SourceVersionDate "2017.03.02"]
[SourceQuality "1"]

1. c4 e5 2. Nc3 Nf6 3. g3 Nc6 4. Bg2 Bc5 5. e3 d6 6. a3 a5 7. Nge2 Bg4 8. Rb1 Qc8 9. Nd5 Bh3 10. Nxf6+ gxf6 11. Bxh3 Qxh3 12. Ng1 Qf5 13. d3 a4 14. Nf3 h5 15. Nh4 Qg4 16. Qxg4 hxg4 17. f3 gxf3 18. Kf2 Ra6 19. Kxf3 Rb6 20. Bd2 Rb3 21. Ke2 Ne7 22. Rhf1 f5 23. Bc3 f6 24. Kd2 Kd7 25. d4 Ba7 26. Rbe1 f4 27. Kc2 fxe3 28. dxe5 fxe5 29. Rf7 Kd8 30. Ref1 b5 31. Rf8+ Rxf8 32. Rxf8+ Kd7 33. Nf3 bxc4 34. h4 Rb8 35. Rf7 Rg8 36. Be1 Bb6 37. Rf6 Nd5 38. Rh6 Rf8 39. Rh7+ Kc6 40. Nh2 Nf6 41. Rg7 Ne4 42. h5 e2 43. Rg4 d5 44. h6 Rf1 45. Nf3 Rh1 46. Rh4 Rxh4 47. gxh4 Nf6 48. Nxe5+ Kd6 49. Ng6 d4 50. Bg3+ Kd5 51. Nf4+ Ke4 52. Nxe2 d3+ 53. Kd1 dxe2+ 54. Kxe2 Be3 55. Be5 Kxe5 56. Kxe3 Ng4+ 0-1

[Event "Saratov Region-ch"]
[Site "Saratov"]
[Date "2016.12.23"]
[Round "9"]
[White "Aleev, Aleksandr"]
[Black "Bryakin, Mikhail"]
[Result "0-1"]
[WhiteElo "1960"]
[BlackElo "2333"]
[PlyCount "82"]
[EventDate "2016.12.15"]
[EventType "swiss"]
[EventRounds "9"]
[EventCountry "RUS"]
[SourceTitle "EXT 2018"]
[Source "ChessBase"]
[SourceDate "2017.10.13"]
[SourceVersion "1"]
[SourceVersionDate "2017.10.13"]
[SourceQuality "1"]

1. c4 c6 2. Nc3 d5 3. cxd5 cxd5 4. d4 Nc6 5. Bf4 Nf6 6. Rc1 e6 7. a3 Bd6 8. Bxd6 Qxd6 9. Nf3 0-0 10. e3 Bd7 11. Bd3 Rfc8 12. g4 g6 13. g5 Nh5 14. Ne2 e5 15. Rxc6 bxc6 16. Nxe5 c5 17. Ng3 Ng7 18. Qf3 Qe6 19. 0-0 Rab8 20. e4 cxd4 21. Nxd7 Qxd7 22. exd5 Kh8 23. b4 Qd6 24. Qxf7 Rf8 25. Qxa7 Qxd5 26. Be4 Qe5 27. h4 Rbd8 28. h5 gxh5 29. f4 Qd6 30. Rf3 h4 31. Ne2 Rfe8 32. Bd3 Re3 33. Kf2 Qd5 34. Ng1 Rde8 35. Qc5 Qa2+ 36. Qc2 Qxa3 37. f5 Qxb4 38. Qd1 Qb8 39. Bf1 Nxf5 40. Bg2 Qb7 41. Kf1 Re1+ 0-1

[Event "Saratov Region-ch"]
[Site "Saratov"]
[Date "2016.12.17"]
[Round "3"]
[White "Aleev, Aleksandr"]
[Black "Biryukov, Dmitriy"]
[Result "0-1"]
[WhiteElo "1960"]
[BlackElo "2331"]
[PlyCount "140"]
[EventDate "2016.12.15"]
[EventType "swiss"]
[EventRounds "9"]
[EventCountry "RUS"]
[SourceTitle "EXT 2018"]
[Source "ChessBase"]
[SourceDate "2017.10.13"]
[SourceVersion "1"]
[SourceVersionDate "2017.10.13"]
[SourceQuality "1"]

1. c4 d6 2. g3 g6 3. Nc3 Bg7 4. Bg2 e5 5. h4 Nf6 6. d3 0-0 7. Nd5 h5 8. Bg5 c6 9. Nxf6+ Bxf6 10. Qd2 Bxg5 11. hxg5 Be6 12. f4 exf4 13. gxf4 d5 14. cxd5 cxd5 15. Nf3 Nc6 16. 0-0 d4 17. Nh4 Bd5 18. Rf2 Bxg2 19. Rxg2 Qe7 20. f5 Ne5 21. e4 dxe3 22. Qxe3 Qd6 23. d4 Ng4 24. Qd3 Kg7 25. Re1 Rad8 26. Re4 Rfe8 27. f6+ Kf8 28. Rge2 Rxe4 29. Qxe4 Qxd4+ 30. Qxd4 Rxd4 31. Nf3 Rd3 32. Kg2 Ne3+ 33. Kf2 Nf5 34. Re4 Rd5 35. Rc4 Nd6 36. Rc7 Ke8 37. Re7+ Kd8 38. Kg2 Rc5 39. Re2 Rf5 40. Kg3 Kc7 41. Re7+ Kb6 42. Re2 a5 43. b3 Kc5 44. Rc2+ Kb4 45. Kg2 Ka3 46. Re2 b5 47. Kf2 a4 48. Ke3 Rd5 49. bxa4 Kxa4 50. Rc2 Nc4+ 51. Ke4 Rf5 52. Rc3 Kb4 53. Rb3+ Kc5 54. Rc3 Kb4 55. Rc1 Nd6+ 56. Ke3 Rc5 57. Rd1 Nf5+ 58. Kf4 Rc4+ 59. Ke5 Rc3 60. Kf4 Rc4+ 61. Ke5 Rc7 62. Rd8 Kc5 63. Nd2 Ra7 64. Ne4+ Kb4 65. Rd2 Ka3 66. Nc3 Rb7 67. Rd5 b4 68. Ra5+ Kb2 69. Nd5 h4 70. Kf4 Rd7 0-1

[Event "Elista-ch"]
[Site "Elista"]
[Date "2012.07.11"]
[Round "10"]
[White "Aleev, Aleksandr"]
[Black "Chetyrev, Dmitry"]
[Result "1-0"]
[WhiteElo "1924"]
[BlackElo "1572"]
[PlyCount "95"]
[EventDate "2012.07.02"]
[EventType "tourn"]
[EventRounds "11"]
[EventCountry "RUS"]
[SourceTitle "EXT 2014"]
[Source "ChessBase"]
[SourceDate "2013.11.20"]
[SourceVersion "1"]
[SourceVersionDate "2013.11.20"]
[SourceQuality "1"]

1. e4 c5 2. Nf3 d6 3. c4 Nf6 4. Nc3 g6 5. d4 cxd4 6. Nxd4 Bg7 7. h3 0-0 8. Be2 Nc6 9. Be3 a6 10. 0-0 Bd7 11. Nd5 Rc8 12. f3 Nxd5 13. exd5 Nxd4 14. Bxd4 e5 15. Be3 f5 16. Qb3 b5 17. cxb5 Bxb5 18. Bxb5 axb5 19. Rac1 Qd7 20. Rc6 Rb8 21. f4 e4 22. Rfc1 Rb7 23. Qb4 Rd8 24. b3 h6 25. Qa5 Rdb8 26. Rc7 Qd8 27. b4 Ra8 28. Qxa8 Qxa8 29. Rc8+ Qxc8 30. Rxc8+ Kf7 31. Kf2 Bf6 32. Ke2 g5 33. Rc6 Ke7 34. g4 fxg4 35. hxg4 Kd7 36. fxg5 Bxg5 37. Bxg5 hxg5 38. Ke3 Ra7 39. Rc2 Ra8 40. Rf2 Ra4 41. Kxe4 Rxb4+ 42. Kf5 Rd4 43. Kxg5 Rxd5+ 44. Kf6 Rd4 45. g5 Ke8 46. Rf5 Kf8 47. Rxb5 Kg8 48. Rb8+ 1-0

[Event "Elista-ch"]
[Site "Elista"]
[Date "2012.07.10"]
[Round "9"]
[White "Dryzheva, Dariana"]
[Black "Aleev, Aleksandr"]
[Result "1-0"]
[WhiteElo "1643"]
[BlackElo "1924"]
[PlyCount "89"]
[EventDate "2012.07.02"]
[EventType "tourn"]
[EventRounds "11"]
[EventCountry "RUS"]
[SourceTitle "EXT 2014"]
[Source "ChessBase"]
[SourceDate "2013.11.20"]
[SourceVersion "1"]
[SourceVersionDate "2013.11.20"]
[SourceQuality "1"]

1. e4 e6 2. d4 d5 3. exd5 exd5 4. Bd3 Nf6 5. Ne2 Bd6 6. c4 dxc4 7. Bxc4 0-0 8. Bg5 Nbd7 9. 0-0 Bxh2+ 10. Kh1 Bd6 11. Nbc3 a6 12. Rc1 Rb8 13. Qb3 b5 14. Bd5 Nb6 15. Bf3 Bf5 16. Ne4 Nc4 17. Nxf6+ gxf6 18. Bh6 Re8 19. Bd5 Bf8 20. Qg3+ Bg6 21. Bxf8 Qxd5 22. Nf4 Qf5 23. Bh6 Re7 24. b3 Nb6 25. Rc5 Qd7 26. Rfc1 Qxd4 27. Nh5 Rbe8 28. Be3 Qb2 29. R5c2 Qe5 30. Qxe5 fxe5 31. Nf6+ Kh8 32. Rxc7 Rxc7 33. Rxc7 Re6 34. Bg5 h6 35. Bh4 Kg7 36. Rb7 Bb1 37. Rb8 Bh7 38. Rb7 e4 39. Nh5+ Kf8 40. Rb8+ Re8 41. Rxb6 Bg6 42. Nf4 Bf5 43. Rxh6 Bg6 44. Rh8+ Kg7 45. Rxe8 1-0

[Event "Elista-ch 8th"]
[Site "Elista"]
[Date "2010.07.02"]
[Round "2"]
[White "Olenina, Aysa"]
[Black "Aleev, Aleksandr"]
[Result "1-0"]
[WhiteElo "2039"]
[BlackElo "1924"]
[PlyCount "63"]
[EventDate "2010.07.01"]
[EventType "tourn"]
[EventRounds "11"]
[EventCountry "RUS"]
[SourceTitle "EXT 2022"]
[Source "ChessBase"]
[SourceDate "2021.10.06"]
[SourceVersion "1"]
[SourceVersionDate "2021.10.06"]
[SourceQuality "1"]

1. e4 d5 2. exd5 Qxd5 3. Nc3 Qd8 4. Nf3 Nf6 5. d4 e6 6. Be2 Be7 7. 0-0 0-0 8. h3 b6 9. Bf4 Bb7 10. Ne5 Nd5 11. Nxd5 exd5 12. Bd3 Ba6 13. Bxa6 Nxa6 14. Qd3 Nb8 15. Qg3 Bd6 16. Rae1 Kh8 17. Re2 h6 18. Rfe1 Kh7 19. Qd3+ f5 20. Qg3 g5 21. h4 g4 22. h5 Bxe5 23. Rxe5 Nc6 24. Re6 Rf6 25. Bxc7 Qf8 26. Qc3 Nd8 27. Re8 Qg7 28. Bxd8 Rf7 29. R1e7 Rxd8 30. Rxf7 Qxf7 31. Rxd8 Qe7 32. Rc8 1-0

[Event "Elista-ch 8th"]
[Site "Elista"]
[Date "2010.07.01"]
[Round "1"]
[White "Aleev, Aleksandr"]
[Black "Utnasanov, Adyan"]
[Result "1-0"]
[WhiteElo "1924"]
[BlackElo "1983"]
[PlyCount "63"]
[EventDate "2010.07.01"]
[EventType "tourn"]
[EventRounds "11"]
[EventCountry "RUS"]
[SourceTitle "EXT 2022"]
[Source "ChessBase"]
[SourceDate "2021.10.06"]
[SourceVersion "1"]
[SourceVersionDate "2021.10.06"]
[SourceQuality "1"]

1. e4 e6 2. d4 d5 3. Nd2 Nf6 4. e5 Nfd7 5. Bd3 c5 6. c3 Nc6 7. Ngf3 Qb6 8. Qa4 a6 9. 0-0 Be7 10. Re1 0-0 11. Nf1 h6 12. Ng3 Qd8 13. a3 b5 14. Qd1 Re8 15. h3 c4 16. Bc2 a5 17. Nh2 Rb8 18. Ng4 Bf8 19. Qf3 f5 20. exf6 Nxf6 21. Bg6 Re7 22. Nxf6+ gxf6 23. Qxf6 Rg7 24. Nh5 Qxf6 25. Nxf6+ Kh8 26. Be8 Ne7 27. Bxh6 Rxg2+ 28. Kxg2 Bxh6 29. Bd7 Bxd7 30. Nxd7 Rg8+ 31. Kf1 Rg6 32. Nc5 1-0